书目信息 |
| 题名: |
解读日本学日语
|
|
| 作者: | 张忠锋 , 南海 编著 | |
| 分册: | ||
| 出版信息: | 大连 大连理工大学出版社 2006.01 |
|
| 页数: | 153页 | |
| 开本: | 21cm | |
| 丛书名: | ||
| 单 册: | ||
| 中图分类: | H369.9 | |
| 科图分类: | ||
| 主题词: | 日语 | |
| 电子资源: | ||
| ISBN: | 7-5611-3110-0 | |
| 000 | 00621 nam 000217 | |
| 001 | 0100000485 | |
| 005 | 20070902161739.33 | |
| 010 | @a7-5611-3110-0@dCNY10.00 | |
| 100 | @a20070717d2006 em y0chiy0121 ea | |
| 101 | @achi | |
| 105 | @ay z 000yy | |
| 200 | 10 | @a解读日本学日语@9jie du ri ben xue ri yu@f南海,张忠锋编著@Fnan hai , zhang zhong feng bian zhu |
| 210 | @a大连@c大连理工大学出版社@d2006.01 | |
| 215 | @a153页@d21cm | |
| 606 | @a日语 | |
| 690 | @aH369.9@v4 | |
| 701 | 1 | @a张忠锋@9zhang zhong feng@4编著 |
| 701 | 0 | @a南海@9nan hai@4编著 |
| 801 | @aCN@c20070902 | |
| 901 | @a000002 | |
| 905 | @dH369.9@eN083 | |
| 解读日本学日语/南海,张忠锋编著.-大连:大连理工大学出版社,2006.01 |
| 153页;21cm |
| ISBN 7-5611-3110-0:CNY10.00 |
| ● |
| 相关链接 |
|
|
|
正题名:解读日本学日语
索取号:H369.9/N083
 
预约/预借
| 序号 | 登录号 | 条形码 | 馆藏地/架位号 | 状态 | 备注 |
| 1 | 642980 | 206429809 | 语言库209/209语言库 134排1列5层/ [索取号:H369.9/N083] | 在馆 | |
| 2 | 642981 | 206429818 | 语言库209/209语言库 134排1列5层/ [索取号:H369.9/N083] | 在馆 | |
| 3 | 642982 | 206429827 | 语言库209/209语言库 134排1列5层/ [索取号:H369.9/N083] | 在馆 |